Teams that Bruno Fernandes Has Played For - Statistics

General Stats
  • This quiz has been taken 341 times
  • The average score is 4 of 6
Answer Stats
Years Apps Goals Team % Correct
2020- 206 64 Manchester United
98%
2017-2020 83 39 Sporting CP
95%
2017- 85 28 Portugal
59%
2013-2016 86 10 Udinese
45%
2016-2017 33 5 Sampdoria
44%
2012-2013 23 4 Novara
16%
No matching quizzes found
Score Distribution
Percent of People with Each Score
Percentile by Number Answered
Your Score History
You have not taken this quiz